000 00366nam a2200133Ia 4500
001 3723
008 241024s9999 xx 000 0 und d
082 _aRD/378.7293/UN581p/2014
100 _aUniversidad autónoma de Santo Domingo (UASD)
245 0 _aPlan estratégico 2012-2022
260 _bSanto Domingo
_c2014
901 _a26/2/2014 10:12:51 a.m.
999 _c8353
_d8353